Từ điển triết học

সংরক্ষণ করুন:
গ্রন্থ-পঞ্জীর বিবরন
প্রধান লেখক: Rodentan, M.
বিন্যাস: গ্রন্থ
ভাষা:Undetermined
প্রকাশিত: Hà Nội Sự thật 1976
বিষয়গুলি:
ট্যাগগুলো: ট্যাগ যুক্ত করুন
কোনো ট্যাগ নেই, প্রথমজন হিসাবে ট্যাগ করুন!
Thư viện lưu trữ: Trung tâm Học liệu Trường Đại học Cần Thơ
LEADER 00503nam a2200193Ia 4500
001 CTU_102192
008 210402s9999 xx 000 0 und d
082 |a 103 
082 |b R687 
100 |a Rodentan, M. 
245 0 |a Từ điển triết học 
245 0 |c M Rodentan, P Iudin 
260 |a Hà Nội 
260 |b Sự thật 
260 |c 1976 
650 |a Philosophy 
650 |x Dictionaries 
904 |i Hiếu 
980 |a Trung tâm Học liệu Trường Đại học Cần Thơ